Different modes of credit support to rural women : (Record no. 56519)
[ view plain ]
| 000 -LEADER | |
|---|---|
| fixed length control field | 01024nam a2200289 a 4500 |
| 001 - CONTROL NUMBER | |
| control field | 56519 |
| 003 - CONTROL NUMBER IDENTIFIER | |
| rucl marc code | BD-RjUL |
| 005 - DATE AND TIME OF LATEST TRANSACTION | |
| control field | 20211209080415.0 |
| 008 - FIXED-LENGTH DATA ELEMENTS--GENERAL INFORMATION | |
| fixed length control field | 161201s2000 bg b 000 0 eng |
| 020 ## - INTERNATIONAL STANDARD BOOK NUMBER | |
| International Standard Book Number | 9845591140 |
| Terms of availability | Tk.80.00 |
| 035 ## - SYSTEM CONTROL NUMBER | |
| System control number | (BD-RjUL)56643 |
| 040 ## - CATALOGING SOURCE | |
| Original cataloging agency | DLC |
| Transcribing agency | DLC |
| Modifying agency | BD-RjUL |
| Language of cataloging | eng |
| 041 ## - LANGUAGE CODE | |
| Language code of text/sound track or separate title | eng |
| 082 00 - DEWEY DECIMAL CLASSIFICATION NUMBER | |
| Classification number | 332.71095492 |
| Edition number | 23 |
| Author mark and year | DAD 2000 |
| 100 1# - MAIN ENTRY--PERSONAL NAME | |
| Personal name | Dasgupta, Swapan Kumar. |
| 9 (RLIN) | 167894 |
| 245 10 - TITLE STATEMENT | |
| Title | Different modes of credit support to rural women : |
| Remainder of title | a comparative study / |
| Statement of responsibility, etc. | Swapan Kumar Dasgupta, Tahamin Banu, Md. Mizanur Rahman. |
| 260 ## - PUBLICATION, DISTRIBUTION, ETC. (IMPRINT) | |
| Place of publication, distribution, etc. | Dhaka : |
| Name of publisher, distributor, etc. | [Distributors], Rubi Enterprise, |
| Date of publication, distribution, etc. | 2000. |
| 300 ## - PHYSICAL DESCRIPTION | |
| Pagination | 79 p. ; |
| Size | 23 cm. |
| 504 ## - BIBLIOGRAPHY, ETC. NOTE | |
| Bibliography, etc | Includes bibliographical references (p. 78-79). |
| 650 #0 - SUBJECT ADDED ENTRY--TOPICAL TERM | |
| Topical term or geographic name as entry element | Rural credit |
| Geographic subdivision | Bangladesh. |
| 9 (RLIN) | 155977 |
| Topical term or geographic name as entry element | Women in development |
| Geographic subdivision | Bangladesh. |
| 9 (RLIN) | 143710 |
| 700 0# - ADDED ENTRY--PERSONAL NAME | |
| Personal name | Tahamin Banu. |
| Personal name | Rahman, Md. Mizanur. |
| 710 2# - ADDED ENTRY--CORPORATE NAME | |
| Corporate name or jurisdiction name as entry element | Bāṃlādeśa Pallī Unnaẏana Ekāḍemī. |
| 9 (RLIN) | 168087 |
| 942 ## - ADDED ENTRY ELEMENTS (KOHA) | |
| Source of classification or shelving scheme | Dewey Decimal Classification |
| Koha item type | Books |
| Lost status | Source of classification or shelving scheme | Damaged status | Not for loan | Collection code | Permanent Location | Current Location | Shelving location | Date acquired | Source of acquisition | Cost, normal purchase price | Total Checkouts | Full call number | Date last seen | Copy number | Koha item type |
|---|---|---|---|---|---|---|---|---|---|---|---|---|---|---|---|
| Dewey Decimal Classification | Non-fiction | Central Library, University of Rajshahi | Central Library, University of Rajshahi | 28/10/2007 | Comilla, Ban.poli. union ecademy | 80.00 | 332.71095492 DAD 2000 | 01/12/2016 | C-2 | Books |